00739nam a2200193Ia 4500003000900000008004100009040001600050080001700066100003000083245017900113260004700292300001000339650001200349650003600361650003000397942000700427999001700434952009400451IN-BaIIA211028s9999 xx 000 0 eng d cIIA Library a016:553bGSI aLa Touche,T. H. D.920058 2aA bibliography of Indian geology and physical geography with an annotated index of minerals of economic value.cT. H. D. La Touche  aCalcuttabGeological Survey of Indiac1918 a490p. aGeology aMinerals-annotated index920059 aPhysical geography917226 cBK c11612d11612 00104070aBANbKODcGENd1995-12-27l0o016:553/ GSIp12527r2021-11-05w1995-12-27yBK